000
00311 a2200121 4500
000
nam a22 7a 4500
005
20260305121232.0
020
_a
9788185268894
100
_a
Alok Mani Tripathi
_9
1123577
245
_a
Pashupatsutram Pancharth bhashyam
260
_b
Pratibha Prakashan
_c
1998
942
_c
TEXL
999
_c
1688462
_d
1688462